Extrafiscalidade identificaȯ̂, fundamentaȯ̂, limitaȯ̂ e controle

Detalles Bibliográficos
Autor principal: Bomfim, Diego
Formato: eBook
Lenguaje:portugués
Publicado: San Pablo: Editora Noeses, 2015
Materias:
Acceso en línea:Acceso restringido

MARC

LEADER 00000nam a22000007a 4500
005 20210819134210.0
007 cr|||| ||||
008 210819s2015 br |||||s|||| 00||0 por d
020 |a 978-85-8310-055-3 
035 |a 35108 
040 |a vLex 
090 |c 12068  |d 12068 
100 1 |a Bomfim, Diego 
245 1 0 |a Extrafiscalidade identificaȯ̂, fundamentaȯ̂, limitaȯ̂ e controle  |h [Recurso electrn̤ico] /  |c Diego Bomfim 
256 |a Servicio en ln̕ea 
260 |a San Pablo:  |b Editora Noeses,  |c 2015 
300 |a 1 recurso electrn̤ico 
500 |a Investiga os limites constitucionais ao emprego de normas tributr̀ias extrafiscais, contribuindo para o desenvolvimento de mťodos que possibilitem que estes instrumentos sejam controlados de modo mais preciso pelo Poder Judicir̀io. 
506 1 |a Disponible solo en los productos indicados  |d vLex Global  |d vLex Global (Academic Edition, excluding Law Schools)  |d vLex Global (U.S. Academic Edition, Law Schools)  |d vLex Global (U.S. Academic Edition, excluding Law Schools)  |d vLex Global (Academic Edition, Law Schools) 
650 0 4 |a Derecho Tributario  |z Brasil 
740 0 |a vLex Libros (Servicio en ln̕ea) 
856 4 0 |u https://app.vlex.com/#/sources/35108  |z Acceso restringido 
942 |c BOOK 
999 0 |a Tax Law